=LDR 00000nam 2200000 4500 =001 001191 =005 20250710011047 =035 ##$$a 0010-0725000136 =007 ta =008 250710################a##########0#ind## =020 ##$$a 978-623-472-672-5 =082 ##$$a 398.209 598 =084 ##$$a 398.209 598 MEN i =100 #$$a Menon, Suraj J =245 1#$$a Ini Ikanku! Bukan, Ini Ikan Ku! /$c Suraj J Menon =250 ##$$a Cetakan Pertama =260 ##$$a Jakarta :$b Badan Pengembangan dan Pembinaan Bahasa,$c 2022 =300 ##$$a 20 hlm. : $b ilus. ; $c 22,9 cm =650 #4$$a CERITA ANAK INDONESIA-TERJEMAHAN =650 #4$$a LITERASI-BAHAN BACAAN